| 000 | 00700nam a22002297a 4500 | ||
|---|---|---|---|
| 003 | OSt | ||
| 005 | 20170307171055.0 | ||
| 008 | 170307s2016 sp d 001 0 spa d | ||
| 017 | _aDL M 26903-2016 | ||
| 020 | _a9788437636061 | ||
| 040 |
_aES-BaCBU _bcat _cCDMR |
||
| 100 | 1 |
_aZaragoza, Luis, _d1978- |
|
| 245 | 1 | 0 |
_aVoces en las sombras _b: una historia de las radios clandestinas _c/ Luís Zaragoza |
| 260 |
_aMadrid : _bCátedra, _ccop. 2016 |
||
| 300 |
_a439 p. : _bil. ; _c21 cm |
||
| 504 | _aNotes. Bibliografia | ||
| 650 | 4 |
_aRadiodifusió _94129 _xAspectes polítics |
|
| 650 | 0 | 4 |
_aRadioemissores _xHistòria |
| 650 | 4 |
_aRàdio lliure _xHistòria |
|
| 650 | 4 | _aClandestinitat | |
| 942 | _cMON | ||
| 999 |
_c7003 _d7003 |
||